Hombrecitos
Na minha lista:
| Autor principal: | |
|---|---|
| Formato: | Livro |
| Idioma: | espanhol |
| Publicado em: |
Ciudad de México
Porrua
1978
|
| Edição: | 2a. ed |
| Colecção: | Sepan cuantos, 273
|
| Assuntos: | |
| Tags: |
Adicionar Tag
Sem tags, seja o primeiro a adicionar uma tag!
|
MARC
| LEADER | 00000nam a2200000 a 4500 | ||
|---|---|---|---|
| 001 | UCY2280 | ||
| 003 | CL-VaPUC | ||
| 008 | 941019e19780000MX |||||||||||||||||spa|d | ||
| 082 | 0 | 4 | |a 813 |b ALC |2 21 |
| 100 | |a Alcott, Louisa May |e autora |9 605187 | ||
| 245 | 1 | 0 | |a Hombrecitos |
| 250 | |a 2a. ed | ||
| 300 | |a 160 p | ||
| 942 | |c BK | ||
| 945 | |d 19941019 00:00:00 |a mfernand | ||
| 260 | |a Ciudad de México |b Porrua |c 1978 | ||
| 650 | 7 | |a LITERATURA INFANTIL ESTADOUNIDENSE |2 CL-VaPUC |9 330335 | |
| 650 | 0 | |a Novelas estadounidenses |9 265217 | |
| 583 | |a last modification |c 19941019 00:00:00 |k Rodrigo Vera | ||
| 490 | 0 | |a Sepan cuantos, 273 | |
| 999 | |c 230733 |d 230731 | ||
| 952 | |0 0 |1 0 |4 0 |6 813_000000000000000_ALC_1978 |7 0 |8 P |9 233234 |a BIBARQ |b BIBARQ |d 2019-11-15 |i 3027554 |l 3 |m 1 |o 813 ALC 1978 |p 3027554 |r 2025-01-20 |s 2022-12-15 |w 2019-11-15 |y BK |k ARQ | ||